000 00630nam a2200229 a 4500
001 16326
003 CO-ViMGA
008 141112s2004 ck r 000 u spa d
020 _a9583009326
040 _aCO-ViMGA
_bspa
_cCO-ViMGA
082 0 4 _aMACn
100 1 _aMacías, Luis Fernado
_923347
245 1 0 _aLa rana sin dientes
260 _aBogotá :
_bPanAméricana,
_c2002
300 _a124.p.
490 _aCorcel
590 _aForma de adquisición : Premio - Mincultura
650 1 4 _aCUENTOS COLOMBIANOS
650 1 4 _aCUENTOS JUVENILES COLOMBIANOS
_99
650 1 4 _aRANAS - CUENTOS JUVENILES
_923348
942 _2ddc
_cBK
999 _c26212
_d26212